000 00710nam a2200205 a 4500
003 0
005 20250423110031.0
008 050809s19uu xx 00 eng d
050 _aPHS HQ 1220
_b.T35 2005
100 _aTakezawa, Yukari S.
245 _aPerceptions of fourth year female students on liposuction /
_cYukari S. Takezawa
260 _aLas PiƱas City, Philippines :
_bSouthville International School and Colleges,
_c2005.
300 _a34 pages ;
_c28 cm.
504 _aIncludes bibliographical references.
650 _aLiposuction
_xPsychological aspects.
650 _aCosmetic surgery
_xPerceptions.
650 _aWomen
_xAttitudes toward body image.
942 _2lcc
_cPASS
999 _c97307
_d97307